| 000 | 01074nam a2200217 a 4500 | ||
|---|---|---|---|
| 001 | 000111043 | ||
| 003 | AM-YEHGA | ||
| 005 | 20250617122404.0 | ||
| 008 | 980211s1975 ru ||||gr|||||||||0|rus|d | ||
| 040 | _aAM-YeHGA | ||
| 041 | 0 |
_arus _afre |
|
| 100 | 1 | _aМуравьев, Вячеслав Леонидович | |
| 245 | 1 | 0 |
_aЛексические лакуны : _b(На материале лексики французского и русского языков) / _cВ.Л. Муравьев ; Владимировский гос. пед. ин-т им. П.И. Лебедева-Полянского. |
| 260 |
_aВладимир : _bБ. и., _c1975. |
||
| 300 | _a97 с. | ||
| 650 | 1 | 4 |
_aРусский язык _xЛексикология сравнительная |
| 650 | 1 | 4 |
_aФранцузский язык _xЛексикология сравнительная |
| 710 | 2 | _aВладимирский государственный педагогический институт им. П.И. Лебедева-Полянского | |
| 942 |
_2udc _cBK |
||
| 090 | _c36828 | ||
| 999 |
_c36275 _d36275 |
||